New work schedules in practice : managing time in a changing society /

Bibliographic Details
Main Author: Nollen, Stanley D.
Format: Book
Language:English
Published: New York : Van Nostrand Reinhold, [1982]
Series:Van Nostrand Reinhold/Work in America Institute series.
Subjects:

MARC

Tag First Indicator Second Indicator Subfields
LEADER 00000cam a2200000 a 4500
001 in00000069555
005 20151008054506.0
008 820211s1982 nyua b 00110 eng d
010 |a  81007574  
020 |a 0442268998 
035 |a (OCoLC)08147291 
035 |9 AAJ0820AM 
040 |a OCO  |c OCO  |d TXA  |d UtOrBLW 
049 |a TXAM  |c [1196036] 
050 0 |a HD5109  |b .N64 
092 |a 331.257  |b N794n 
100 1 |a Nollen, Stanley D. 
245 1 0 |a New work schedules in practice :  |b managing time in a changing society /  |c Stanley D. Nollen. 
264 1 |a New York :  |b Van Nostrand Reinhold,  |c [1982] 
264 4 |c ©1982 
300 |a xvi, 281 pages :  |b illustrations ;  |c 24 cm. 
336 |a text  |b txt  |2 rdacontent 
337 |a unmediated  |b n  |2 rdamedia 
338 |a volume  |b nc  |2 rdacarrier 
490 1 |a Van Nostrand Reinhold/Work in America Institute series 
504 |a Includes bibliographical references and index. 
650 0 |a Flextime. 
830 0 |a Van Nostrand Reinhold/Work in America Institute series. 
999 |a MARS 
999 f f |s 97b27a57-6fbf-36a9-aa81-945c6ddb88c4  |i 79b02d61-f0d6-39fd-bee1-a0ad993ed72b  |t 0 
952 f f |p ric  |a Texas A&M University  |b Rellis Campus  |c Joint Library Facility  |d Remote Storage  |t 0  |e HD5109 .N64  |h Library of Congress classification  |i unmediated -- volume  |m A14806127807 
998 f f |a HD5109 .N64  |t 0  |l Remote Storage